000 00400nam a2200181Ia 4500
005 20250423100003.0
008 250422s9999 xx 000 0 und d
020 _a1565924649
050 _aQA 76.73 .P98 L877/
100 _aLutz, Mark
245 0 _aLearning Python
260 _aParis
260 _bO'Reilly
260 _c1999
300 _a366 p
650 _aPython Programs
942 _cBK
999 _c31948
_d31948